| 000 | 01340nam a2200349 i 4500 | ||
|---|---|---|---|
| 003 | DO-SdBNP | ||
| 005 | 20250311111518.0 | ||
| 007 | ta | ||
| 008 | 100322s2019 dr 000 0 spa d | ||
| 020 | _a9789945220131 | ||
| 020 | _a9789945169980 (obra completa) | ||
| 040 |
_aDO-SdBNP _bspa _cBNPHU _erda |
||
| 041 | _aspa | ||
| 082 | 4 |
_aRD865.4408 _bD596d _222 |
|
| 100 | 1 |
_aTolentino Dipp, Hugo, _eautor _4aut. _937920 _d1930-2019 |
|
| 245 | 1 | 0 |
_aDesde la cátedra : _bmi vida en la UASD / _cHugo Tolentino Dipp ; prólogo, Tirso Mejía Ricart. |
| 250 | _aPrimera edición | ||
| 264 | 4 |
_aSanto Domingo, República Dominicana : _bEditora Búho, _c©2019. |
|
| 300 |
_a357 páginas : _c23 cm. |
||
| 336 |
_atexto _btxt _2rdacontent |
||
| 337 |
_asin mediación _bn _2rdamedia |
||
| 338 |
_avolumen _bnc _2rdacarrier |
||
| 500 | _aIncluye datos biográficos del autor en las solapas. | ||
| 500 | _aIncluye referencias bibliográficas y notas al pie de las paginas. | ||
| 590 | _aInventariado, 2021/ YL | ||
| 600 | 1 | 4 |
_aTolentino Dipp, Hugo, _d1930- _vEnsayos, conferencias, etc. _981393 |
| 650 | 4 | _aLiteratura dominicana | |
| 650 | 4 |
_aEnsayos españoles _93095 |
|
| 700 | 1 |
_a Mejía-Ricart G., Tirso, _d1936-2021 _q(Mejía-Ricart Guzmán) _eprologuista _4pr. _91569 |
|
| 910 | _aYLOCKWARD/Validado.Control de calidad MFF | ||
| 942 |
_2ddc _cLBS1 |
||
| 999 |
_c49655 _d49655 |
||